Statistics for Zodiac Signs Quiz #2

Click here to take the quiz!

General Stats

  • This quiz has been taken 160 times
  • The average score is 10 of 12

Answer Stats

HintAnswer% Correct
September 23 - October 22Libra
94%
BullTaurus
94%
March 21 - April 19Aries
91%
6th SignVirgo
87%
1st Air SignGemini
86%
8th SignScorpio
83%
Opposite of AquariusLeo
82%
Opposite of VirgoPisces
82%
Ruled by SaturnCapricorn
81%
2nd Cardinal SignCancer
79%
Ruled by JupiterSagittarius
79%
4th Fixed SignAquarius
75%

Score Distribution

Percentile by Number Answered

Percent of People with Each Score

Your Score History

You have not taken this quiz